Polícia de Segurança Pública (Registo nº 4079)
[ vista simples ]
| 000 -Etiqueta do registo | |
|---|---|
| Cabeçalho | 00581cam a2200205 4500 |
| 005 - Identificador da versão | |
| Campo de controlo | 20240813122052.0 |
| 095 ## - | |
| -- | PTBN00007514 |
| 100 ## - Dados gerais de processamento | |
| Dados gerais de processamento | 19790501d1979 m y0pory5003 ba |
| 102 ## - Pais de publicação ou produção | |
| País de publicação | Portugal |
| 101 0# - Língua de publicação | |
| Língua do texto, banda sonora, etc. | Português |
| 215 ## - Descrição física | |
| Indicação específica da natureza do documento e extensão da espécie | 32, [3] p. |
| Outras indicações físicas | il. |
| Dimensões | 21 cm |
| 200 1# - Titulo e menção de responsabilidade | |
| Título próprio | Polícia de Segurança Pública |
| Informação de outro título | uma pequena história |
| 210 ## - Publicação, Distribuição, etc. | |
| Lugar da edição, distribuição, etc. | [Lisboa] |
| Nome do editor, distribuidor, etc. | Ministério da Comunicação Social |
| Data da publicação, distribuição, etc. | imp. 1979 |
| 675 ## - Classificação Decimal Universal (CDU) | |
| Notação | 087.5 |
| Edição | med |
| Língua da edição | por |
| 712 01 - Nome de colectividade-autor (responsabilidade secundária) | |
| Número de registo de entrada de autoridade | 0000631 |
| Palavra de ordem | Portugal |
| Subdivisão | Ministério da Comunicação Social |
| 942 ## - Elementos de entrada adicionados (Koha) | |
| Tipo de item no Koha | Livro |
| Situação do levantamento | Origin of item (home branch) (coded) | Biblioteca de empréstimo | Código de barras | Cota | Circulation type (not for loan) | Tipo de documento | Nota do exemplar | Damaged status |
|---|---|---|---|---|---|---|---|---|
| Biblioteca Escolar das Vendas | Biblioteca Escolar das Vendas | BEV1210 | 9PT PSP | Livro | Sem mensagem |
